Nommez une marque de voiture A-Z - Statistiques

Statistiques générales
  • Ce quiz a été pris 412 fois
  • Le résultat moyen est 15 sur 26
Statistiques - réponses
Lettres Marques % Correct
B Bugatti, Bentley, BMW...
98%
A Abarth, AMG,Audi...
95%
F Ferrari, Fiat, Ford...
94%
C Chevrolet, Cadillac, Citroën...
92%
P Peugeot, Porsche, Polestar...
87%
R Renault, Rolls Royce, Rover...
87%
M Maserati, Mercedes-Benz, Mc Laren...
86%
S SAAB, Suzuki, Skoda...
80%
T Tata, Tesla, Toyota...
80%
H Honda, Hummer, Hyundai...
79%
L Lamborghini, Land Rover, Lexus...
78%
D Donkervurt, Dodge, Dacia...
75%
J Jaguar, Jeep, Jannarelly...
75%
V Volkswagen, Volvo, Vauxhall...
72%
O Opel, Ora, Osi...
68%
K KGM, Kia, KTM...
61%
N Nissan, NSU, Noble
55%
I Ineos, Infitini, Isuzu...
24%
G GMC, Genesis, Gumpert...
21%
E Eagle, Excalibur, Edsel...
11%
Z Zagatto...
10%
X Xpeng...
9%
U Ultima, Umm
7%
W Wallys car...
6%
Q Qoros, Quant
5%
Y Yangwang...
1%
Aucun quiz correspondant
Distribution des résultats
% des personnes avec chaque résultat
Percentile par nombre de réponses
Votre historique - résultats
Vous n’avez pas pris ce quiz